Statistics for World Cities Based on Location A-Z - #2

Click here to take the quiz!

General Stats

  • This quiz has been taken 2,952 times
  • The average score is 18 of 26

Answers on the Map

Answers color-coded by a green-red scale on the quiz's map according to % correct below.
 

Answer Stats

HintWorld City% Correct
LLondon
96%
TTunis
91%
VVancouver
90%
JJerusalem
86%
NNaples
86%
AAuckland
85%
RRiyadh
85%
DDetroit
81%
ZZagreb
81%
FFrankfurt
79%
SSucre
74%
EEdmonton
73%
WWindhoek
72%
BBrazzaville
69%
GGuadalajara
69%
KKolkata
66%
HHobart
64%
IIzmir
64%
XXi'an
63%
YYangon
57%
PPittsburgh
55%
UUrumqi
49%
CCordoba
44%
MMaracaibo
38%
OOran
38%
QQingdao
36%

Score Distribution

Percentile by Number Answered

Percent of People with Each Score

Your Score History

You have not taken this quiz